| 000 | 00606cam a22002293a 4500 | ||
|---|---|---|---|
| 999 |
_c2375 _d2375 |
||
| 005 | 20180413014639.0 | ||
| 008 | 950301s1995||||xxu|||||s|||||000 p lat d | ||
| 040 |
_cAPEC Schools Library _erda |
||
| 041 | _aeng | ||
| 100 | 1 |
_aVirgil, _d -70--19 |
|
| 245 | 1 | 0 |
_aGeorgicon / _cVirgil |
| 336 |
_2rdacontent _atext |
||
| 337 |
_2rdamedia _acomputer |
||
| 338 |
_2rdacarrier _aonline resource |
||
| 506 | _aPublic domain in the USA. | ||
| 516 | _aText | ||
| 653 | _aDidactic poetry, Latin | ||
| 653 | _aAgriculture -- Poetry | ||
| 655 | _aelectronic books | ||
| 856 | 4 | 0 | _uhttps://goo.gl/LDFkG7 |
| 942 |
_2ddc _cEBK |
||